|
|
|
|
| LEADER |
01743nam a22003377a 4500 |
| 001 |
mzk03001031137 |
| 003 |
CZ BrMZK |
| 005 |
20130430155604.0 |
| 007 |
ta |
| 008 |
051110s1762 xr fr|||||00| ||latod |
| 040 |
|
|
|a BOA001
|b cze
|c BOA001
|
| 072 |
|
7 |
|a 094
|x Staré tisky
|2 Konspekt
|9 12
|
| 080 |
|
|
|a (0.068)094
|2 MRF
|
| 100 |
1 |
|
|a Daller, František Michael,
|d 1724-1777
|7 xx0094088
|4 aut
|
| 245 |
1 |
0 |
|a Enchiridion humanae malitiae seu Haeresum et haeresiarcharum Qui ab ipso Christi aevo ad nostram ... aetatem Ecclesiam Dei inquietarunt, & perturbarunt, Historica Chronologica Epitome juxta saeculorum ordinem cocinnata & in tres partes divisa.
|n P.1. /
|p De Haeresibus & Haeresiarchis Quatuor Primorum Saeculorum ... Cum annexis Thesibus Ex Universa Theologia ... Quas in ... Archi-Episcopali Collegio Pragae ... Praeside ... propugnandas suscepit Michael Nepomucenus Los ... MDCCLXXII
|
| 246 |
3 |
0 |
|a De Haeresibus & Haeresiarchis Quatuor Primorum Saeculorum ... Cum annexis Thesibus Ex Universa Theologia ... Quas in ... Archi-Episcopali Collegio Pragae ... Praeside ... propugnandas suscepit Michael Nepomucenus Los ... MDCCLXXII
|
| 260 |
|
|
|a Vetero-Pragae :
|b Jac. Schweiger,
|c 1762
|
| 300 |
|
|
|a [11], 375, [11] s. ;
|c 8°
|
| 500 |
|
|
|a Výzdoba: Vlysy, viněty, iniciály
|
| 653 |
|
|
|a kacířství - dějiny
|
| 655 |
|
7 |
|a staré tisky
|7 fd422076
|2 czenas
|
| 700 |
1 |
|
|a Los, Michael,
|c Nepomucenus,
|d 1736-1790
|4 oth
|
| 903 |
|
|
|a RP
|
| 910 |
|
|
|a BOA001
|b ST1-0667.865,1
|
| 978 |
|
|
|b Schweiger, Jakub
|a Praha
|c 1762
|
| 984 |
|
|
|a Praha
|b Česko
|
| 985 |
|
|
|a 1751-1800
|
| 990 |
|
|
|a BK
|
| 993 |
|
|
|a Y
|
| 991 |
|
|
|k mzk
|
| 996 |
6 |
|
|b 2619291874
|c ST1-0667.865,1
|l stud. ST
|r Sklad / do násl. otevíracího dne
|n 0
|w 001031137
|u 000010
|a 1
|e BOA001
|s P
|